[Event "Muensterland Verbandsklasse playoff"]
[Site "Germany"]
[Date "2022.05.28"]
[Round "4.4"]
[White "Horstmann, Michael1111"]
[Black "Sicking, Andreas"]
[Result "1/2-1/2"]
[WhiteElo "1735"]
[BlackElo "1606"]
[PlyCount "49"]
[EventDate "2022.04.02"]
[EventType "team-tourn"]
[EventRounds "5"]
[EventCountry "GER"]
[SourceTitle "EXT 2023"]
[Source "ChessBase"]
[SourceDate "2022.10.05"]
[SourceVersion "1"]
[SourceVersionDate "2022.10.05"]
[SourceQuality "1"]
[WhiteTeam "Rheine Klein Berlin II"]
[BlackTeam "Heiden II"]
[WhiteTeamCountry "GER"]
[BlackTeamCountry "GER"]

1. c4 e6 2. Nf3 b6 3. d4 Bb7 4. a3 Nf6 5. Nc3 Be7 6. e3 0-0 7. Be2 d6 8. b3 Nbd7 9. Bb2 a6 10. Qc2 h6 11. Rg1 d5 12. g4 Ne4 13. Nxe4 dxe4 14. Nd2 f5 15. gxf5 exf5 16. 0-0-0 Bh4 17. Rdf1 Nf6 18. d5 c6 19. dxc6 Bxc6 20. Be5 Qe7 21. Bb2 Rac8 22. Kb1 b5 23. Ka2 Kh8 24. Bc3 Rf7 25. Qb2 1/2-1/2

[Event "Muensterland Verbandsklasse-B 1112"]
[Site "Germany"]
[Date "2011.12.10"]
[Round "4.8"]
[White "Hund, Reinhard"]
[Black "Sicking, Andreas"]
[Result "0-1"]
[WhiteElo "1727"]
[BlackElo "1648"]
[PlyCount "58"]
[EventDate "2011.09.17"]
[EventType "team-tourn"]
[EventRounds "9"]
[EventCountry "GER"]
[SourceTitle "EXT 2013"]
[Source "ChessBase"]
[SourceDate "2012.11.22"]
[SourceVersion "1"]
[SourceVersionDate "2012.11.22"]
[SourceQuality "1"]
[WhiteTeam "Muenster IV"]
[BlackTeam "Heiden II"]
[WhiteTeamCountry "GER"]
[BlackTeamCountry "GER"]

1. d4 b6 2. e4 Bb7 3. Nc3 e6 4. a3 Nf6 5. Bd3 Be7 6. Nge2 0-0 7. f3 c5 8. e5 Nd5 9. Nxd5 Bxd5 10. c3 Bh4+ 11. Ng3 f5 12. exf6 Qxf6 13. Be3 cxd4 14. Bxd4 e5 15. Be3 Qc6 16. Kd2 a5 17. Nf5 Bf6 18. h4 e4 19. fxe4 Bxe4 20. Bxe4 Qxe4 21. g4 Nc6 22. Qe2 Ne5 23. Rh3 Nc4+ 24. Ke1 Rae8 25. Rd1 d5 26. Rd3 Nxb2 27. Rxd5 Bxc3+ 28. Rd2 Nc4 29. Kf1 Bxd2 0-1